| 000 | 01121 a2200229 4500 | ||
|---|---|---|---|
| 005 | 20080905112159.0 | ||
| 010 | _aENG-87554 B-430972 | ||
| 020 |
_a0195677382 _c695.00 |
||
| 035 | _aEN-71087 B-430972 | ||
| 037 | _bDBAD / PUB | ||
| 037 | _bAllied Pub/Ven | ||
| 082 | _a841.08 | ||
| 100 |
_aPetievich, Carla _929241 |
||
| 245 |
_aWhen men speak as women _bvocal masquerade in Indo-Muslim poetry |
||
| 260 |
_aNew Delhi _bOxford University Press _c2007 |
||
| 270 |
_aY.M.C.A . Library building, Jai Singh Road, _bNew Delhi _e110 001. |
||
| 300 |
_axii, 365 p. _c21 cm ( Hb.) |
||
| 942 |
_adpl _cEN _k841.08/PET _2ddc _h841.08 _mPET |
||
| 999 |
_c6693 _d6693 |
||